ბათუმის შოთა რუსთაველის სახელმწიფო უნივერსიტეტის ბიბლიოთეკა

თბოტექნიკა(ზოგადი თბოტექნიკის კურსი) : სახელმძღვ. / (ბიბ.ჩანაწერი № 37423)

000 -ლიდერი
ფიქსირებული სიგრძის საკონტროლო ველი 01140nam a2200229Ia 4500
001 - საკონტროლო ნომერი
საკონტროლო ველი 3382
003 - საკონტროლო ნომრის იდენტიფიკატორი
საკონტროლო ველი GE_BSU
005 - ბოლო ოპერაციის თარიღი და დრო
საკონტროლო ველი 20190607171351.0
008 - ფიქსირებული სიგრძის მონაცემთა ელემენტები - ზოგადი ინფორმაცია
ფიქსირებული სიგრძის საკონტროლო ველი 181216s1979|||| |||||||||||||| ||geo||
040 ## - კატალოგიზაციის წყარო
Transcribing agency GE_BSU
041 ## - ენის კოდი
Language code of text/sound track or separate title geo
080 ## - უნივერსალური ათობითი კლასიფიკაციის ინდექსი
Universal Decimal Classification number 621.1(075.8) თ–38
245 ## - ცნობა სათაურის შესახებ
Title თბოტექნიკა(ზოგადი თბოტექნიკის კურსი) : სახელმძღვ. /
Statement of responsibility, etc მთარგმ : ო.კიღურაძე , ს.ნადარეიშვილი , ა.ხიდაშელი და სხვ.
250 ## - გამოცემის ცნობა
Edition statement თარგმ. მეორე გადამ. რუსული გამოც.–დან.
264 ## - წარმოების, გამოცემის, დისტრიბუციის და სხვა ცნობები
გამოცემის, წარმოების, დისტრიბუციის... ადგილი თბილისი :
გამოცემის, წარმოების, დისტრიბუციის... სახელწოდება განათლება,
გამოცემის, წარმოების, დისტრიბუციის... თარიღი 1979.
300 ## - ფიზიკური აღწერა
Extent 518 გვ .:
Dimensions 27 სმ.
Accompanying material ნახაზ.
653 ## - INDEX TERM--UNCONTROLLED
Uncontrolled term თბოტექნიკა
700 ## - ADDED ENTRY--PERSONAL NAME
Personal name კიღურაძე,, ო
Relator term მთარგმნელი
9 (RLIN) 2282
700 ## - ADDED ENTRY--PERSONAL NAME
Personal name ნადარეიშვილი, ს
Relator term მთარგმნელი
9 (RLIN) 2283
700 ## - ADDED ENTRY--PERSONAL NAME
Personal name ხიდაშელი, ა
Relator term მთარგმნელი
9 (RLIN) 2284
942 ## - ADDED ENTRY ELEMENTS (KOHA)
Koha item type წიგნი
Source of classification or shelving scheme
ეგზემპლარები
ჩამოწერის სტატუსი დაკარგული ეგზემპლარის სტატუსი კლასიფიკაციის წყარო ან თაროზე გაწყობის სქემა დაზიანების სტატუსი არ გაიცემა მუდმივი მდებარეობა (დაცვის ადგილი) ამჟამინდელი ადგილსამყოფელი თაროზე განთავსების ადგილი შეძენის თარიღი ღირებულება, შესყიდვის ნორმალური ფასი სრული შენახვის შიფრი შტრიხკოდი ბოლო ოპერაციის თარიღი ეგზემპლარის მიმდევრობითი ნომერი (კეტერი?) ფასის ძალაში შესვლის თარიღი ეგზემპლარის სახეობა საჯარო შენიშვნა
          ტექნოლოგიური ფაკულტეტის ბიბლიოთეკა ტექნოლოგიური ფაკულტეტის ბიბლიოთეკა წიგნსაცავი 2018-12-17 3.00 621.1(075.8) თ–38 10621 2018-12-17 10621 2018-12-17 წიგნი 3 ლ. 20 თ.
          ტექნოლოგიური ფაკულტეტის ბიბლიოთეკა ტექნოლოგიური ფაკულტეტის ბიბლიოთეკა წიგნსაცავი 2018-12-17 3.00 621.1(075.8) თ–38 10622 2018-12-17 10622 2018-12-17 წიგნი 3 ლ. 20 თ.
          ტექნოლოგიური ფაკულტეტის ბიბლიოთეკა ტექნოლოგიური ფაკულტეტის ბიბლიოთეკა წიგნსაცავი 2018-12-17 3.00 621.1(075.8) თ–38 10623 2018-12-17 10623 2018-12-17 წიგნი 3 ლ. 20 თ.